• 首页
  • 本馆介绍
  • 公告通知
  • 最新文献
  • 馆藏检索
  • 电子资源
  • 读者导购
  • 参考咨询
  • 我的图书馆
  • 登录
  • 详细信息显示
  • 放入我的书架
  • 预约/预借图书
  • 作者相关作品
  • 分类相关作品
  • 丛书相关作品
  • 出版社相关作品

书目信息

  • 表格格式
  • 工作单格式
  • 卡片格式
题名:
实用粘接技术460问
    
 
作者: 马长福 编著
分册:  
出版信息: 北京   金盾出版社  1992.2
页数: 246页
开本: 20cm
丛书名:
单 册:
中图分类: TG494
科图分类:
主题词: 金属--粘接 , 金属--胶接
电子资源:
ISBN:
000 00568nam0 2200205 45
001 0312221749
005 20031222170911.3
010    @dCNY3.30
100    @a20031222d1992 km y0chiy0120 ea
101    @achi
105    @a z 000yy
200 1  @a实用粘接技术460问@AShi Yong Nian Jie Ji Shu 460 Wen@f马长福编著@FMa Chang Fu Bian Zhu
210    @a北京@c金盾出版社@d1992.2
215    @a246页@d20cm
606 0  @a金属@x粘接
606 0  @a金属@x胶接
690    @aTG494@v3
701 0  @a马长福@4编著
801    @aCN@bTSTCL@c20031222
905    @a213230@dTG494@e8@b251117-121@f5
    
    实用粘接技术460问/马长福编著.-北京:金盾出版社,1992.2
    246页;20cm
    
    
    ISBN :CNY3.30
    
●
相关链接 在E读中查询图书 在五车中查询图书 在当当中查询图书 在豆瓣中查询图书


正题名:实用粘接技术460问     索取号:TG494/8         预约/预借

序号 登录号 条形码 馆藏地/架位号 状态 备注
1 0251117   001362411   第三借阅区/ [索取号:TG494/8] 在馆    
2 0251118   001362331   第三借阅区/ [索取号:TG494/8] 在馆    
3 0251119   001362377   第三借阅区/ [索取号:TG494/8] 在馆    
4 0251120   001362251   第三借阅区/ [索取号:TG494/8] 在馆    
5 0251121   001362297   第二样本阅览室/ [索取号:TG494/8] 在馆    
唐山师范学院图书馆 欢迎您!
大连网信软件有限公司© 版权所有